Systems engineering : (Record no. 4527)

MARC details
000 -LEADER
fixed length control field 00713nac a22001931u 4500
010 ## - LIBRARY OF CONGRESS CONTROL NUMBER
LC control number 89013463
020 ## - INTERNATIONAL STANDARD BOOK NUMBER
International Standard Book Number 0070042594 :
020 ## - INTERNATIONAL STANDARD BOOK NUMBER
International Standard Book Number 0071007121 :
082 00 - DEWEY DECIMAL CLASSIFICATION NUMBER
Classification number 620.0042
Item number B3667
090 ## - LOCALLY ASSIGNED LC-TYPE CALL NUMBER (OCLC); LOCAL CALL NUMBER (OCLC)
-- 4527
-- 4527
100 ## - MAIN ENTRY--PERSONAL NAME
Personal name Beam, Walter R.
245 10 - TITLE STATEMENT
Title Systems engineering :
Remainder of title architecture and design /
Statement of responsibility, etc Walter R. Beam.
260 ## - PUBLICATION, DISTRIBUTION, ETC. (IMPRINT)
Place of publication, distribution, etc New York :
Name of publisher, distributor, etc McGraw-Hill,
Date of publication, distribution, etc c1990.
300 ## - PHYSICAL DESCRIPTION
Extent xii, 355 p. :
Other physical details ill. ;
Dimensions 24 cm.
504 ## - BIBLIOGRAPHY, ETC. NOTE
Bibliography, etc Includes bibliographical references.
650 #0 - SUBJECT ADDED ENTRY--TOPICAL TERM
Topical term or geographic name as entry element Systems engineering.
942 ## - ADDED ENTRY ELEMENTS (KOHA)
Item type Book - Borrowing
Call number prefix 620.0042B3667
Holdings
Withdrawn status Item status Damaged status Not for loan Home library Current library Shelving location Date acquired Source of acquisition Total Checkouts Total Renewals Full call number Barcode Date last seen Date last borrowed Koha item type
        Central Library Central Library First floor 07/09/2009 Purchase 1 6 620.0042 BEA 000005314 15/07/2025 03/04/2012 Book - Borrowing